00203nam a2200085 a 450000500170000000800410001705000170005810000150007524500270009020140414132001.0110212s19uu xx 00 eng d aTRbAr3 2006 aKatz, Alan aAre you quite polite?.